000 00358nam a2200133Ia 4500
005 20251222143210.0
008 251222s9999||||xx |||||||||||||| ||spa||
082 _a372.685/H37
100 _aHelfer LLerena, Susana
245 0 _aGuía para el Desarrollo de Capacidades Comunicativas
250 _a2a.ed.
264 _bMinisterio de Educación
942 _cLIB
999 _c13411
_d13411